<?xml version="1.0" encoding="UTF-8"?>
<record
    xmlns:xsi="http://www.w3.org/2001/XMLSchema-instance"
    xsi:schemaLocation="http://www.loc.gov/MARC21/slim http://www.loc.gov/standards/marcxml/schema/MARC21slim.xsd"
    xmlns="http://www.loc.gov/MARC21/slim">

  <leader>01524nam a2200301uu 4500</leader>
  <controlfield tag="001">1530072</controlfield>
  <controlfield tag="005">20260508094108.0</controlfield>
  <controlfield tag="008">190718s2016                        spa  </controlfield>
  <datafield tag="020" ind1=" " ind2=" ">
    <subfield code="a">9788490773727</subfield>
  </datafield>
  <datafield tag="035" ind1=" " ind2=" ">
    <subfield code="a">1530072</subfield>
  </datafield>
  <datafield tag="040" ind1=" " ind2=" ">
    <subfield code="c">comduadb</subfield>
  </datafield>
  <datafield tag="041" ind1=" " ind2=" ">
    <subfield code="a">spa</subfield>
  </datafield>
  <datafield tag="082" ind1=" " ind2="4">
    <subfield code="a">664</subfield>
  </datafield>
  <datafield tag="100" ind1="1" ind2="0">
    <subfield code="a">Fern&#xE1;ndez Bengochea, Nuria</subfield>
    <subfield code="4">aut</subfield>
    <subfield code="e">aut</subfield>
    <subfield code="9">790072</subfield>
  </datafield>
  <datafield tag="245" ind1="1" ind2="0">
    <subfield code="a">Materias primas en la industria alimentaria</subfield>
  </datafield>
  <datafield tag="250" ind1=" " ind2=" ">
    <subfield code="a">1. edici&#xF3;n</subfield>
  </datafield>
  <datafield tag="260" ind1=" " ind2=" ">
    <subfield code="a">Madrid :</subfield>
    <subfield code="b">Editorial S&#xED;ntesis,</subfield>
    <subfield code="c">2016.</subfield>
  </datafield>
  <datafield tag="300" ind1=" " ind2=" ">
    <subfield code="a">300 p&#xE1;ginas :</subfield>
    <subfield code="b">ilustraciones</subfield>
  </datafield>
  <datafield tag="520" ind1="3" ind2=" ">
    <subfield code="a">El objetivo de este libro es caracterizar las materias primas como parte fundamental del posterior tratamiento tecnol&#xF3;gico en la industria alimentaria para la obtenci&#xF3;n de productos finales que, gracias a un correcto etiquetado, contribuir&#xE1;n a la seguridad de la cadena alimentaria y a la protecci&#xF3;n del consumidor. Como elemento com&#xFA;n a todas estas elaboraciones destaca el agua como materia prima, bien formando parte de los sistemas auxiliares o bien como ingrediente del producto final, al mismo tiempo que genera unos efluentes que deben ser mantenidos bajo condiciones de control.</subfield>
  </datafield>
  <datafield tag="650" ind1=" " ind2="7">
    <subfield code="a">Industria alimentaria</subfield>
    <subfield code="2">agrovoc</subfield>
    <subfield code="9">9878</subfield>
  </datafield>
  <datafield tag="650" ind1=" " ind2="7">
    <subfield code="a">Tecnolog&#xED;a de alimentos</subfield>
    <subfield code="2">lemb</subfield>
    <subfield code="9">2737</subfield>
  </datafield>
  <datafield tag="650" ind1=" " ind2="7">
    <subfield code="a">Alimentos de origen animal</subfield>
    <subfield code="2">lemb</subfield>
    <subfield code="9">48036</subfield>
  </datafield>
  <datafield tag="650" ind1=" " ind2=" ">
    <subfield code="a">Alimentos vegetales</subfield>
    <subfield code="9">51886</subfield>
  </datafield>
  <datafield tag="650" ind1=" " ind2="7">
    <subfield code="a">Conservaci&#xF3;n de alimentos</subfield>
    <subfield code="2">lemb</subfield>
    <subfield code="9">39723</subfield>
  </datafield>
  <datafield tag="650" ind1=" " ind2=" ">
    <subfield code="a">Materias primas</subfield>
    <subfield code="9">1980</subfield>
  </datafield>
  <datafield tag="700" ind1="1" ind2="0">
    <subfield code="a">Mart&#xED;nez Torres, Irene Maria</subfield>
    <subfield code="4">aut</subfield>
    <subfield code="e">aut</subfield>
    <subfield code="9">788475</subfield>
  </datafield>
  <datafield tag="942" ind1=" " ind2=" ">
    <subfield code="c">BOOK</subfield>
  </datafield>
  <datafield tag="999" ind1=" " ind2=" ">
    <subfield code="c">811269</subfield>
    <subfield code="d">811269</subfield>
  </datafield>
  <datafield tag="952" ind1=" " ind2=" ">
    <subfield code="0">0</subfield>
    <subfield code="1">0</subfield>
    <subfield code="4">0</subfield>
    <subfield code="7">0</subfield>
    <subfield code="8">GENERAL</subfield>
    <subfield code="a">CAREP</subfield>
    <subfield code="b">CAREP</subfield>
    <subfield code="d">2019-07-18</subfield>
    <subfield code="e">Buscalibre</subfield>
    <subfield code="g">119900.00</subfield>
    <subfield code="i">C1317149</subfield>
    <subfield code="l">0</subfield>
    <subfield code="o">664.02 F365</subfield>
    <subfield code="p">01051571</subfield>
    <subfield code="r">2026-04-23 08:50:59</subfield>
    <subfield code="t">1</subfield>
    <subfield code="w">2023-05-04</subfield>
    <subfield code="y">BOOK</subfield>
  </datafield>
</record>
